Zpověď
Uložené v:
| Korporatívny autor: | |
|---|---|
| Ďalší autori: | , , , , , |
| Médium: | Zvuková nahrávka |
| Jazyk: | Czech |
| Vydané: |
Praha :
Panton,
1985.
|
| Fyzický popis: |
1 gramofónová platňa (LP) : analog, 33 1/3 ot/min, stereo ; 30 cm. |
| Tagy: |
Pridať tag
Žiadne tagy, Buďte prvý kto otaguje tento záznam!
|
Titul je dostupný aj v ... 

MARC
| LEADER | 00000njm a2200000 a 4500 | ||
|---|---|---|---|
| 001 | 000420013 | ||
| 003 | SVKKK | ||
| 005 | 20130606142444.0 | ||
| 008 | 130605s1985 xr cze d | ||
| 028 | 0 | 1 | |a 8113 0519 |b Panton |
| 040 | |a SVKKK |b slo |c SVKKK |e AACR2 | ||
| 041 | 0 | |a cze | |
| 044 | |a xr |c CZ | ||
| 245 | 0 | 0 | |a Zpověď |h [zvukový záznam] |
| 260 | |a Praha : |b Panton, |c 1985. | ||
| 300 | |a 1 gramofónová platňa (LP) : |b analog, 33 1/3 ot/min, stereo ; |c 30 cm. | ||
| 505 | 0 | |a Strana 1: |t Prolog -- |t A co tvůj obraz -- |t Hrozné ditě -- |t Mít tisíc životů -- |t Svítíš -- |t Osamělost dlouhých nedělí | |
| 505 | 0 | |a Strana 2: |t A co dál -- |t Poznání -- |t Stzarej obličej za kytkama -- |t Vím, že nevím nic | |
| 508 | |a Aranžmá Stanislav Staněk | ||
| 508 | |a Zvuková réžia Aleš Wimmer, Josef Celerin | ||
| 508 | |a Hudobná réžia jan Svatoš | ||
| 511 | 0 | |a Petr Novák a skupina G & B (Ladislav Klein - klávesy ; Stanislav Staněk - gitara ; Adolf Seidl - gitara ; Karel Novák - basová gitara ; Hubert Täuber -bicie nástroje) | |
| 518 | |a Nahraté v štúdiu Smetanova divadla v Praze, január 1985 | ||
| 700 | 1 | |a Novák, Petr, |d 1945-1997 |4 sng | |
| 700 | 1 | |a Klein, Ladislav |4 prf | |
| 700 | 1 | |a Staněk, Stanislav |4 prf |4 arr | |
| 700 | 1 | |a Seidl, Adolf |4 prf | |
| 700 | 1 | |a Novák, Karel |4 prf | |
| 700 | 1 | |a Täuber, hubert |4 prf | |
| 710 | 2 | |a G & B (hudobná skupina |4 prf | |
| 910 | |a svkkk | ||
| 998 | |a AM | ||
| 090 | |g SCKHL |k Sklad Pribinova 1. posch. |a IIIG.4933 |j 6848 |i 2720341198 |s Prezenčne CD, DVD | ||
| 924 | |a LP | ||
| 924 | |a AVM | ||